| 000 | 00534nam a2200193 a 4500 | ||
|---|---|---|---|
| 005 | 20140310183308.0 | ||
| 008 | 050908s19uu xx 00 eng d | ||
| 020 | _a9812593454 | ||
| 050 |
_aRM 301 _b.G984 2005 |
||
| 100 | _aGutierrez, Kathleen | ||
| 245 |
_aPharmacology for nursing practice / _cKathleen Gutierrez. |
||
| 260 |
_aSingapore : _bElseviere PTE LTD, _c2005. |
||
| 300 |
_a1222 p. : _c26 cm. |
||
| 521 | _aNUR | ||
| 650 | _aPharmacology. | ||
| 700 | _aQuenner, F. Sherry | ||
| 942 |
_cBK _2lcc _kFOR |
||
| 999 |
_c21107 _d21107 |
||